000 00753nam a22002177a 4500
003 0
005 20160609171203.0
008 121212t xxu||||| |||| 00| 0 eng d
020 _a978-94-6173-412-9
040 _aBUAC
_cBIDOC
_bFre.
041 _aEng
100 _aVihotogbé, Romaric
_921928
245 _aCharacterization of african bush mango trees with emphasis on the differences between sweet and bitter trees in the Dahomey Gap (West Africa)
_c/Romaric Vihotogbé
260 _aWageningen
_bEd. Wageningen University
_c 2012
300 _a189 p.
_c25 cm.
500 _aTh. doct. : Agro : Wageningen Univ. : 2012
630 _aSCIENCES APPLIQUEES
_924258
650 _aFruitier : mangue : Bénin
_924259
653 _aManguier
942 _cTHE
999 _c50365
_d50365